[Event "New Delhi Parsvnath op 8th"]
[Site "New Delhi"]
[Date "2010.01.14"]
[Round "1"]
[White "Rahman, Ziaur"]
[Black "Mir, Azaz"]
[Result "1-0"]
[WhiteElo "2548"]
[BlackElo "1887"]
[PlyCount "81"]
[EventDate "2010.01.14"]
[EventType "swiss"]
[EventRounds "11"]
[EventCountry "IND"]
[SourceTitle "CBM 134 Extra"]
[Source "ChessBase"]
[SourceDate "2010.03.03"]
[SourceVersion "1"]
[SourceVersionDate "2010.03.03"]
[SourceQuality "1"]

1. d4 d5 2. Nf3 Nf6 3. c4 e6 4. g3 c6 5. Bg2 Be7 6. 0-0 Nbd7 7. Qc2 0-0 8. b3 b6 9. Rd1 Bb7 10. Nc3 Rc8 11. e4 dxe4 12. Ng5 Re8 13. h4 Nf8 14. Ngxe4 Qd7 15. Be3 Red8 16. Nxf6+ Bxf6 17. Ne4 Be7 18. c5 f5 19. Ng5 h6 20. Nf3 Bf6 21. b4 b5 22. Bf4 Ng6 23. Bd6 Ne7 24. Ne5 Bxe5 25. Bxe5 Nd5 26. Qb3 Qf7 27. Re1 Rd7 28. Bf3 Re8 29. a3 Qg6 30. Qd1 Nf6 31. a4 a6 32. axb5 axb5 33. Ra7 Qf7 34. Bxf6 Qxf6 35. Rxb7 Rxb7 36. Bxc6 Reb8 37. Bxb7 Rxb7 38. d5 Rd7 39. d6 e5 40. Qd5+ Kh7 41. Qxe5 1-0